00273nam a2200121Ia 45000030006000000080041000060400015000471000014000622450012000762600034000885460012001220050017001340STCL150530s9999 xx 000 0 und d aSTCLcSTCL aScade, J. aCereals bOxford University pressc1975 aEnglish20220125170406.0